000 00297nam a22001337a 4500
008 170508b xxu||||| |||| 00| 0 eng d
020 _a9780314184917
041 _aeng
080 _26TH
_a342
100 _a15
101 _aSHJ
245 _aTORTS AND COMPENSATION
_cDOBBS, D.B
942 _2udc
_cBK
999 _c12939
_d12939